000 00981ntm a2200241 a 4500
001 76445
003 BD-RjUL
005 20211209082838.0
008 191205s2015 bg a|||| bm|| 00| 0 eng d
035 _a(BD-RjUL)76666
040 _aBD-RjUL
_beng
_cBD-RjUL
_dBD-RjUL
041 _aeng
082 _223
_a584.4095492
_bBHR 2015
100 1 _aBhattacharjee, Bakul
_9236057
245 1 0 _aRapid development of In Vitro Germination, Micropropagation and Antimicrobial activities of Indigenous Orchid Species in Bangldesh /
_cby Bakul Bhattacharjee ;
_6Supervisor: S. M. Shahinul Islam
260 _aRajshahi :
_bInstitute of Biological Sciences, R. U. ,
_c2015
300 _axvii,, 208, [2] leaves :
_bIll. ;
_c30 cm.
502 _aThesis (Ph. D.) -- Institute of Biological Sciences, R. U. , 2015
504 _aReferences: Leaves 176-209
650 _aOrchids
_zBangladesh
_xIdentification.
_9236073
700 _aIslam, S. M. Shahinul, Supervisor
_9236058
942 _2ddc
_cTHE
999 _c76445
_d76445